[Event "17th Prague Open 2018"]
[Site "Prague"]
[Date "2018.01.13"]
[Round "3"]
[White "Michalczak, Thomas"]
[Black "Moehn, Hans"]
[Result "1/2-1/2"]
[WhiteElo "2208"]
[BlackElo "2378"]
[Annotator "TA"]
[PlyCount "138"]
[EventDate "2018.??.??"]
[EventType "swiss"]
[EventCountry "CZE"]
[SourceTitle "playchess.com"]
[Source "ChessBase"]
[SourceQuality "1"]

{[%evp 13,138,-43,-31,-28,0,0,0,0,0,0,20,-47,-43,-52,-35,-117,-45,-139,-139,-204,-172,-201,-152,-139,-142,-140,-141,-128,-141,-199,-218,-170,-47,-49,-49,-42,-49,-44,-28,-38,-22,-41,-8,-58,-14,-104,-62,-64,-62,-76,-61,-60,-51,-36,-25,-25,-18,-17,-13,-11,-3,-21,-5,-11,-11,-28,-24,-69,-58,-38,-33,-43,-36,-52,-43,-39,-14,-89,0,0,-11,-11,-9,-455,-95,-118,-67,-57,0,-80,-75,-385,-11,-14,-12,-14,0,0,0,0,0,0,0,0,0,0,0,0,0,0,0,0,0,0,0,0,0,0,0,0,0,0,0,0,0,0,12851]} 1. e4 c6 2. d4 d5 3. e5 Bf5 4. g4 Be4 5. f3 Bg6 6. Ne2 {B12: Caro-Kann: Advance Variation} (6. h4 h5 7. e6 Qd6 8. exf7+ Bxf7 9. Be3 hxg4 10. fxg4 Nf6 11. Nc3 Qe6 12. Kd2 Nxg4 13. Bg5 Nf2 14. Qf3 Nxh1 15. Qxh1 Qd6 16. Bh3 e6 {0-1 (30) Vallejo Pons,F (2717)-So,W (2810) Tbilisi 2017}) 6... e6 7. h4 h5 {LiveBook: 3 Games} 8. Nf4 {Black is slightly better.} Bh7 9. Nxh5 Bg6 10. Nf4 $146 ({Predecessor:} 10. f4 Be4 11. Rh3 g6 12. Ng3 Rxh4 13. Nxe4 Rxh3 14. Bxh3 Qh4+ {1-0 (23) Conde Poderoso,J-Aguera Sanchez,J UECC email 1998}) 10... Rxh4 11. Bh3 Ne7 12. Nc3 {[#]} ({White should play} 12. c3 $11) 12... c5 $1 $15 {[%mdl 512]} 13. dxc5 Nbc6 14. Kf2 (14. a3 $15) 14... Nxe5 $17 {Strongly threatening ...N7c6.} 15. Kg3 (15. Qe2 $15 N7c6 16. b4) 15... N7c6 16. Ng2 (16. Nfxd5 $17 {keeps fighting.} exd5 17. f4) 16... Rh8 $36 {[%mdl 2048] Black is on the roll.} 17. f4 d4 (17... Bxc5 18. fxe5 Nxe5 19. Bf4 $15) 18. Nb5 a6 (18... Bxc5 $6 19. fxe5 Kf8 20. Nd6 $11) 19. Nd6+ Bxd6 20. cxd6 Nc4 ({Much worse is} 20... Qxd6 $6 21. fxe5 Qxe5+ 22. Nf4 $11 (22. Bf4 Qc5 $11)) 21. Qe2 (21. f5 $17 Bh7 22. Nf4) 21... Nxd6 22. f5 Nxf5+ (22... Bxf5 23. gxf5 Nxf5+ 24. Kf2 $17) (22... d3 23. Qe1 $17) ({Better is} 22... Bh7 $19 {White must now prevent ...Kf8.} 23. Nf4 Kf8 24. Qxe6 fxe6 25. Nxe6+ Kf7 26. Nxd8+ Rhxd8) 23. gxf5 $15 {[#]} Bxf5 $1 {[%mdl 512] Hoping for ...g5.} 24. Bf4 (24. Bxf5 Rxh1) 24... Bxh3 25. Rxh3 Rxh3+ 26. Kxh3 Qf6 27. Kg3 O-O-O {[%mdl 1024] Black has compensation.} 28. Rf1 Rd5 29. Rf3 (29. Bc1 $11 Qg6+ 30. Qg4) 29... Rf5 30. c3 e5 31. Bd2 Rxf3+ 32. Qxf3 Qxf3+ 33. Kxf3 dxc3 34. Bxc3 Kd7 35. Ne3 Ke6 36. Kg4 b5 37. a3 Ne7 38. Bb4 Ng8 39. Kg5 Nf6 40. Nf5 Ne4+ 41. Kg4 g6 {[%cal Bg7g6,Bg6g5,Bg5g4,Bg4g3][%mdl 32]} 42. Ng7+ $1 Kd5 43. Ne8 f5+ 44. Kf3 g5 45. Nc7+ {[#]} (45. Ke3 $1 $11 {remains equal.}) 45... Kc4 (45... Kd4 $1 $17) 46. Nxa6 $11 g4+ 47. Ke3 Ng5 48. Nc5 $2 {[%mdl 8192]} (48. Bc3 $11 f4+ 49. Ke2) 48... f4+ $2 (48... g3 $19 {is more deadly. Threatens to win with ...f4+.} 49. Ke2 f4 50. b3+ Kd5) 49. Kf2 $17 {[#]} e4 (49... Kd5 $1 $17 50. Kf1 e4) 50. Nd7 $15 e3+ (50... g3+ $15 51. Kg2 Kd3 52. Nc5+ Kd4) 51. Kf1 (51. Ke2 $11 {keeps the balance.}) 51... g3 $17 52. Ne5+ $2 {[%mdl 8192]} (52. Bd6 $17 {nothing else works.}) 52... Kd4 $2 (52... Kd5 $19 53. Ng4 Nf3) 53. Bc3+ $11 {The position is equal.} Ke4 {...f3 is the strong threat.} 54. Kg2 e2 55. b3 Ke3 56. Be1 f3+ 57. Kxg3 {aiming for Ng4+.} Ne4+ 58. Kh2 f2 59. Ng4+ Kf3 60. Nxf2 $1 Nxf2 {[%mdl 4096] Endgame KB-KN} 61. a4 $1 Nd3 62. Bd2 bxa4 63. bxa4 Nc5 64. a5 Kf2 65. Kh3 Ne4 66. Bb4 Ke3 67. Kg2 Nd2 68. Bc5+ Ke4 (68... Kd3 $5 69. Bf2 $8 Ne4 $11) 69. Kf2 Ke5 $2 {[%mdl 40960] Precision: White = 49%, Black = 47%. . An unexpected result.} (69... Kd3 $11 70. Bb4 e1=Q+ 71. Kxe1 Nf3+ 72. Kf1 Nd4) 1/2-1/2

[Event "17th Prague Open 2018"]
[Site "Prague"]
[Date "2018.01.13"]
[Round "3"]
[White "Solozhenkina, Elizaveta"]
[Black "Pena Gomez, Manuel"]
[Result "0-1"]
[WhiteElo "2190"]
[BlackElo "2491"]
[Annotator "TA"]
[PlyCount "66"]
[EventDate "2018.??.??"]
[EventType "swiss"]
[EventCountry "CZE"]
[SourceTitle "playchess.com"]
[Source "ChessBase"]
[SourceQuality "1"]

{[%evp 17,66,8,18,0,0,-23,-2,-6,0,0,0,-54,-21,-58,0,-62,-43,-54,-50,-22,-15,-26,-8,-12,-10,-127,-143,-148,-145,-133,-135,-120,-85,-129,-127,-172,-116,-328,-338,-334,-337,-329,-329,-513,-330,-330,-320,-338,-334,-717,-706]} 1. e4 c5 2. Nf3 e6 3. d4 cxd4 4. Nxd4 Nc6 5. Nc3 Qc7 6. Be3 a6 7. Qf3 {B48: Sicilian: Taimanov: 5 Nc3 Qc7 6 Be3 a6 without Be2} Ne5 8. Qg3 b5 9. O-O-O Nf6 {LiveBook: 41 Games. With the idea ...b4.} 10. f3 $146 ({Predecessor:} 10. f4 Neg4 11. Bg1 h5 12. e5 b4 13. Na4 Nd5 14. Nb3 Bb7 {0-1 (42) Karjakin,S (2760)-Caruana,F (2799) London 2017}) 10... b4 11. Nb1 Bb7 12. Nd2 $1 Rc8 13. Kb1 d5 14. Bd3 ({Better is} 14. exd5 $11 Nxd5 15. Bf2) 14... dxe4 (14... g6 {is more complex.} 15. Rc1 dxe4 16. fxe4 Bg7 17. N2f3 Nc4) 15. fxe4 Be7 (15... Nxd3 $15 16. Qxc7 Rxc7 17. cxd3 Ng4) 16. Rhf1 (16. N4f3 $11 Nxd3 17. Qxc7 Rxc7 18. cxd3) 16... Nxd3 17. Qxc7 Rxc7 18. cxd3 O-O 19. N2f3 Rd8 20. Rfe1 Rcd7 21. Kc2 {[#]} (21. Rc1 $11 {remains equal.}) 21... Nxe4 $1 $17 {[%mdl 512]} 22. dxe4 Bxe4+ 23. Kb3 Bxf3 24. gxf3 {Black must now prevent Rd2.} Bf6 {[%cal Rf6d4]} 25. Kxb4 e5 26. Rd3 {[#]} exd4 (26... Rb7+ $1 $19 27. Kc4 Rc7+ 28. Kb4 exd4) 27. Bf2 $2 {[#]} (27. Bd2 $17 {might work better.}) 27... Rb7+ $1 $19 28. Ka3 Be7+ 29. Ka4 Rxb2 30. Rxd4 (30. Rxe7 $142 Rxa2+ 31. Kb3 Rxf2 32. Rxd4 Rxf3+ 33. Kc4 Rxd4+ 34. Kxd4) 30... Rxa2+ 31. Kb3 {Intending Rxd8+ and mate.} Ra3+ 32. Kc2 {White threatens Rxd8+ and mate.} Rc8+ 33. Kb1 $2 (33. Kd2 Ra2+ 34. Kd3) 33... Bf6 {Precision: White = 26%, Black = 67%.} 0-1

[Event "17th Prague Open 2018"]
[Site "Prague"]
[Date "2018.01.13"]
[Round "3"]
[White "Vokoun, Jan"]
[Black "Jurcik, Marian"]
[Result "0-1"]
[WhiteElo "2172"]
[BlackElo "2460"]
[Annotator "TA"]
[PlyCount "100"]
[EventDate "2018.??.??"]
[EventType "swiss"]
[EventCountry "CZE"]
[SourceTitle "playchess.com"]
[Source "ChessBase"]
[SourceQuality "1"]

{[%evp 9,100,-27,-7,-8,0,-2,31,26,28,0,0,0,0,0,0,0,0,0,0,0,0,0,20,20,41,32,66,-4,31,21,51,58,54,14,29,29,37,51,51,45,54,0,56,-38,-19,-36,-36,-48,-48,-157,-156,-147,-157,-200,-184,-193,-193,-203,-200,-179,-143,-131,-142,-138,-133,-228,-61,-61,-58,-64,-60,-66,-60,-75,-100,-175,-168,-420,-402,-383,-364,-497,-479,-625,-595,-898,-906,-809,-756,-1356,-1217,-951,-782]} 1. Nf3 d5 2. g3 Nc6 3. d3 e5 4. Nbd2 (4. Bg2 Nf6 5. O-O Be7 6. c4 O-O 7. cxd5 Nxd5 8. Nc3 Nb6 9. Be3 Re8 10. Rc1 Bf8 11. Na4 Nd4 12. Nc5 c6 13. Nb3 Nxb3 14. Qxb3 Be6 15. Qc2 Nd5 16. Bd2 f6 17. a3 a5 18. e4 Nc7 19. Be3 Nb5 20. Rfd1 {1-0 (36) Nakamura,H (2786)-Grigoriants,S (2576) chess.com INT 2017}) 4... Be6 5. e4 d4 6. c3 $146 {A07: Réti Opening: New York and Capablanca Systems} ({Predecessor:} 6. Bg2 Be7 7. a3 a5 8. Nc4 f6 9. Nh4 Qd7 10. O-O b5 {1-0 (29) Shchekachev,A (2552)-Bellahcene,B (2486) Nancy 2017}) 6... Bc5 7. Qa4 dxc3 8. bxc3 {Strongly threatening Nxe5.White is slightly better.} Qd7 9. Nb3 Bb6 10. Ba3 Bg4 11. Nfd2 Nge7 12. h3 $36 {[%mdl 2048] White fights for an advantage.} Be6 13. Nc5 Bxc5 14. Bxc5 b6 15. Ba3 a6 16. Nf3 b5 17. Qc2 O-O 18. Ng5 (18. Bc5 $14) 18... Rfd8 (18... b4 $5 19. Bxb4 Nxb4 20. cxb4 Nc6 $11) 19. Bc5 h6 20. Nxe6 Qxe6 21. Bg2 Na5 22. O-O Nb7 23. Be3 c5 {[%cal Bc7c5,Bc5c4][%mdl 32]} 24. Rab1 Nc6 25. a3 (25. Rfd1 $14) 25... Rd6 (25... c4 $11) 26. f4 (26. Rfc1 $14) 26... Rad8 $15 27. Rfd1 Qd7 {[%cal Rd6d3]} 28. Bf1 c4 $1 {[%cal Rc4d3]} 29. Bb6 ({White should play} 29. Qa2 $15) 29... cxd3 $17 30. Qf2 Re8 31. Qe3 {[%cal Rd1d3]} Nca5 32. Bxa5 Nxa5 33. Rxd3 Rxd3 34. Qxd3 Qxd3 35. Bxd3 $19 {[%mdl 4096] Endgame KRB-KRN} Rc8 36. c4 Nxc4 37. a4 (37. Rc1 $17 {is a better defense.}) 37... Rc5 $2 {[#]} (37... bxa4 $19 {Threatens to win with ...Nd2.} 38. Ra1 a5) 38. axb5 $15 axb5 39. Kf2 Kf8 40. fxe5 Rxe5 41. Bxc4 bxc4 {[%cal Bb5c4,Bc4c3][%mdl 32] KR-KR} 42. Rb8+ (42. Kf3 $17) 42... Ke7 $19 43. Rc8 $2 {[#]} (43. Rb7+ Kf6 44. Ke3) 43... Rxe4 44. Kf3 Rd4 45. Ke3 Rd3+ {Black is clearly winning.} 46. Kf4 c3 47. h4 Kd7 48. Rc4 Kd6 49. g4 Kd5 50. Rc7 Rd4+ {Precision: White = 39%, Black = 59%.} 0-1

[Event "17th Prague Open 2018"]
[Site "Prague"]
[Date "2018.01.13"]
[Round "3"]
[White "Ludvik, Tomas"]
[Black "Kalegin, Evgenij"]
[Result "0-1"]
[WhiteElo "2165"]
[BlackElo "2426"]
[Annotator "TA"]
[PlyCount "80"]
[EventDate "2018.??.??"]
[EventType "swiss"]
[EventCountry "CZE"]
[SourceTitle "playchess.com"]
[Source "ChessBase"]
[SourceQuality "1"]

{[%evp 17,80,0,8,5,15,0,9,0,0,0,0,0,0,0,0,0,0,0,39,3,48,5,10,8,8,8,40,33,33,27,33,33,43,0,59,8,1,10,29,-88,-89,-187,-171,-229,-242,-238,-247,-250,-266,-246,-244,-319,-339,-350,-337,-315,-319,-352,-351,-347,-356,-469,-379,-431,-329]} 1. d4 Nf6 2. Nf3 g6 3. Bf4 Bg7 4. e3 c5 5. c3 b6 6. h3 O-O 7. Nbd2 Bb7 8. Bd3 d6 9. O-O {A48: 1 d4 Nf6 2 Nf3 g6: Torre, London and Colle Systems} (9. Qe2 Nbd7 10. O-O Re8 11. e4 cxd4 12. cxd4 e5 13. dxe5 dxe5 14. Be3 Bf8 15. Rfd1 Qe7 16. Bc4 h6 {0-1 (40) Kamsky,G (2723)-Svidler,P (2738) Moscow 2008}) 9... Nc6 {LiveBook: 7 Games} 10. Bh2 e5 11. dxe5 {The position is equal.} dxe5 12. Qe2 $146 ({Predecessor:} 12. Qc2 Qe7 13. e4 Rad8 14. Rad1 Nh5 15. Rfe1 {0-1 (55) Williams,R (1819)-Kett,T (2237) Penarth 2012}) 12... Qe7 {[#] Strongly threatening ...e4.} 13. e4 Nh5 14. Nc4 Nf4 15. Bxf4 $1 exf4 16. e5 Rad8 17. Rfe1 Ba8 18. a4 Rd7 19. Rad1 (19. h4 {feels hotter.} f6 20. e6 Rd5 21. Rad1 f5 22. Bc2) 19... Rfd8 $1 20. Bc2 Rxd1 21. Bxd1 Rf8 22. Bb3 Nd8 23. Ncd2 Ne6 24. Ne4 Bc6 25. Rd1 Nd8 (25... Rd8 $11) 26. Neg5 ({Better is} 26. Rd6 $14) 26... h6 $11 27. e6 Nxe6 28. Nxf7 (28. Nxe6 $11 {was the only way to keep the balance.} fxe6 29. Ne5 Bxe5 30. Qxe5) 28... Kxf7 $17 29. Re1 (29. h4 $17 {was necessary.}) 29... Re8 $19 30. Ne5+ (30. h4 {was called for.}) 30... Bxe5 $1 31. Qxe5 Bd7 32. Qxf4+ Kg7 33. Qe5+ Qf6 34. Qd6 Nf8 35. Qd2 Rxe1+ 36. Qxe1 Be6 37. Bc2 Bf7 38. Qe3 Qe6 39. Qf4 Nd7 40. Qc7 Qe1+ {Precision: White = 32%, Black = 65%.} 0-1

[Event "17th Prague Open 2018"]
[Site "Prague"]
[Date "2018.01.13"]
[Round "3"]
[White "Wiley, Thomas"]
[Black "Mihajlov, Sebastian"]
[Result "0-1"]
[WhiteElo "2118"]
[BlackElo "2371"]
[Annotator "NA"]
[PlyCount "80"]
[EventDate "2018.??.??"]
[EventType "swiss"]
[EventCountry "CZE"]
[SourceTitle "playchess.com"]
[Source "ChessBase"]
[SourceQuality "1"]
[TimeControl "40/5400+30:1800+30"]

1. d4 {[%emt 0:00:00]} e6 {[%emt 0:07:47]} 2. c4 {[%emt 0:00:00]} Nf6 {[%emt 0:00:07]} 3. Nc3 {[%emt 0:00:00]} Bb4 {[%emt 0:00:06]} 4. e3 {[%emt 0:00:00]} O-O {[%emt 0:00:10]} 5. Nge2 {[%emt 0:00:03]} Re8 {[%emt 0:00:30]} 6. a3 {[%emt 0:00:11]} Bf8 {[%emt 0:00:09]} 7. d5 {[%emt 0:00:54]} a5 {[%emt 0:00:16]} 8. g3 {[%emt 0:00:51]} Na6 {[%emt 0:00:41]} 9. Bg2 {[%emt 0:05:25]} Nc5 {[%emt 0:02:44]} 10. b3 {[%emt 0:01:01]} d6 {[%emt 0:08:58]} 11. O-O {[%emt 0:02:18]} e5 {[%emt 0:03:29]} 12. e4 {[%emt 0:03:23]} c6 {[%emt 0:02:20]} 13. Rb1 {[%emt 0:03:58]} cxd5 {[%emt 0:02:03]} 14. cxd5 {[%emt 0:00:54]} Bd7 {[%emt 0:03:18]} 15. b4 {[%emt 0:01:09]} axb4 {[%emt 0:00:05]} 16. axb4 {[%emt 0:00:05]} Na4 {[%emt 0:00:05]} 17. Nxa4 {[%emt 0:00:29]} Bxa4 {[%emt 0:00:07]} 18. Qd3 {[%emt 0:00:27]} Qc7 {[%emt 0:05:34]} 19. Nc3 {[%emt 0:01:36]} Bd7 {[%emt 0:00:08]} 20. Bd2 {[%emt 0:07:16]} Rec8 {[%emt 0:00:59]} 21. Rfc1 {[%emt 0:02:27]} Ra3 {[%emt 0:19:17]} 22. Ra1 {[%emt 0:02:09]} Rxa1 {[%emt 0:00:05]} 23. Rxa1 {[%emt 0:00:04]} g6 {[%emt 0:00:05]} 24. Ra3 {[%emt 0:14:48]} h5 {[%emt 0:06:17]} 25. h3 {[%emt 0:04:05]} Be7 {[%emt 0:07:48]} 26. Be3 {[%emt 0:02:15]} h4 {[%emt 0:00:26]} 27. g4 {[%emt 0:00:36]} Nh7 {[%emt 0:01:00]} 28. Qd2 {[%emt 0:05:07]} Qd8 {[%emt 0:03:04]} 29. Ra7 {[%emt 0:00:46]} Rb8 {[%emt 0:00:04]} 30. Bf1 {[%emt 0:02:09]} Ng5 {[%emt 0:03:11]} 31. Kg2 {[%emt 0:00:30]} Nh7 {[%emt 0:02:02]} 32. Bb5 {[%emt 0:02:46]} Bxb5 {[%emt 0:01:18]} 33. Nxb5 {[%emt 0:00:06]} Qd7 {[%emt 0:00:02]} 34. Nc3 {[%emt 0:02:16]} f5 {[%emt 0:00:04]} 35. f3 {[%emt 0:01:30]} fxg4 {[%emt 0:00:45]} 36. hxg4 {[%emt 0:02:29]} Rf8 {[%emt 0:05:40]} 37. Ra1 {[%emt 0:03:18]} Qd8 {[%emt 0:01:32]} 38. Ne2 {[%emt 0:03:30]} h3+ {[%emt 0:00:28]} 39. Kf2 {[%emt 0:01:08]} Bh4+ {[%emt 0:02:40]} 40. Ng3 {[%emt 0:00:17]} Qd7 {[%emt 0:31:22]} 0-1

[Event "17th Prague Open 2018"]
[Site "Prague"]
[Date "2018.01.13"]
[Round "3"]
[White "Adamko, Peter"]
[Black "Kaasen, Tor Fredrik"]
[Result "1/2-1/2"]
[WhiteElo "2098"]
[BlackElo "2340"]
[Annotator "ChessBase"]
[PlyCount "95"]
[EventDate "2018.??.??"]
[EventType "swiss"]
[EventCountry "CZE"]
[SourceTitle "playchess.com"]
[Source "ChessBase"]
[SourceQuality "1"]
[TimeControl "40/5400+30:1800+30"]

1. d4 {[%emt 0:01:23]} Nf6 {[%emt 0:00:23]} 2. Nf3 {[%emt 0:00:27]} e6 {[%emt 0:00:15]} 3. c4 {[%emt 0:01:17]} b6 {[%emt 0:01:44]} 4. g3 {[%emt 0:02:46]} Bb7 {[%emt 0:00:21]} 5. Bg2 {[%emt 0:00:17]} Be7 {[%emt 0:00:05]} 6. Nc3 {[%emt 0:01:42]} Ne4 {[%emt 0:02:07]} 7. d5 {[%emt 0:04:57]} Nxc3 {[%emt 0:01:50]} 8. bxc3 {[%emt 0:02:15]} Bf6 {[%emt 0:00:27]} 9. Qd3 {[%emt 0:01:21]} e5 {[%emt 0:06:10]} 10. Nd2 {[%emt 0:10:50]} d6 {[%emt 0:01:34]} 11. Be4 {[%emt 0:05:44]} g6 {[%emt 0:01:33]} 12. h4 {[%emt 0:00:35]} Bg7 {[%emt 0:03:09]} 13. g4 {[%emt 0:04:25]} Qd7 {[%emt 0:00:48]} 14. g5 {[%emt 0:04:15]} h6 {[%emt 0:03:43]} 15. Rg1 {[%emt 0:14:24]} hxg5 {[%emt 0:00:50]} 16. hxg5 {[%emt 0:00:05]} Na6 {[%emt 0:01:16]} 17. Bf3 {[%emt 0:10:09]} Nc5 {[%emt 0:01:11]} 18. Qc2 {[%emt 0:02:45]} Rh4 {[%emt 0:01:24]} 19. e4 {[%emt 0:06:37]} Qa4 {[%emt 0:02:30]} 20. Bd1 {[%emt 0:03:48]} Qd7 {[%emt 0:06:09]} 21. Ba3 {[%emt 0:00:44]} Ke7 {[%emt 0:03:08]} 22. Bxc5 {[%emt 0:00:55]} dxc5 {[%emt 0:01:18]} 23. Be2 {[%emt 0:02:01]} Rah8 {[%emt 0:01:24]} 24. Nf3 {[%emt 0:00:42]} Rf4 {[%emt 0:02:02]} 25. O-O-O {[%emt 0:04:15]} Ba6 {[%emt 0:02:09]} 26. Rg3 {[%emt 0:00:16]} Rh3 {[%emt 0:09:29]} 27. Rxh3 {[%emt 0:00:41]} Qxh3 {[%emt 0:00:03]} 28. Qd3 {[%emt 0:00:16]} Kd6 {[%emt 0:00:38]} 29. Rg1 {[%emt 0:04:40]} Qd7 {[%emt 0:02:10]} 30. Rg3 {[%emt 0:02:05]} Qa4 {[%emt 0:02:40]} 31. Kb2 {[%emt 0:00:08]} Bc8 {[%emt 0:02:12]} 32. Bd1 {[%emt 0:00:56]} Qe8 {[%emt 0:01:30]} 33. Bc2 {[%emt 0:00:58]} a6 {[%emt 0:00:53]} 34. Qe3 {[%emt 0:00:31]} Qh8 {[%emt 0:04:04]} 35. a3 {[%emt 0:00:57]} Qh1 {[%emt 0:00:42]} 36. Ne1 {[%emt 0:00:26]} Rh4 {[%emt 0:03:06]} 37. f3 {[%emt 0:00:28]} Qh2 {[%emt 0:02:37]} 38. Rg2 {[%emt 0:00:39]} Qf4 {[%emt 0:00:06]} 39. Qe2 {[%emt 0:00:31]} Rh5 {[%emt 0:01:51]} 40. Nd3 {[%emt 0:01:05]} Qh4 {[%emt 0:30:12]} 41. f4 {[%emt 0:34:18]} exf4 {[%emt 0:05:39]} 42. e5+ {[%emt 0:00:11]} Ke7 {[%emt 0:00:15]} 43. e6 {[%emt 0:00:00]} fxe6 {[%emt 0:00:00]} 44. Ne5 {[%emt 0:00:00]} Qh3 {[%emt 0:00:00]} 45. Nf3 {[%emt 0:00:00]} Kd6 {[%emt 0:02:12]} 46. Bxg6 {[%emt 0:00:00]} Rh8 {[%emt 0:00:11]} 47. Rh2 {[%emt 0:00:00]} Qg4 48. Rg2 1/2-1/2

[Event "17th Prague Open 2018"]
[Site "Prague"]
[Date "2018.01.13"]
[Round "3"]
[White "Parnali, S Dharia"]
[Black "Liu, Yi"]
[Result "1/2-1/2"]
[WhiteElo "2082"]
[BlackElo "2337"]
[Annotator "NA"]
[PlyCount "29"]
[EventDate "2018.??.??"]
[EventType "swiss"]
[EventCountry "CZE"]
[SourceTitle "playchess.com"]
[Source "ChessBase"]
[SourceQuality "1"]
[TimeControl "40/5400+30:1800+30"]

1. d4 {[%emt 0:00:00]} d5 {[%emt 0:09:52]} 2. c4 {[%emt 0:00:00]} e6 {[%emt 0:00:04]} 3. Nf3 {[%emt 0:00:00]} Nf6 {[%emt 0:00:49]} 4. g3 {[%emt 0:00:07]} dxc4 {[%emt 0:00:09]} 5. Bg2 {[%emt 0:00:14]} a6 {[%emt 0:00:39]} 6. a4 {[%emt 0:01:43]} Nc6 {[%emt 0:05:53]} 7. O-O {[%emt 0:00:48]} Rb8 {[%emt 0:00:29]} 8. Nc3 {[%emt 0:02:26]} b5 {[%emt 0:08:03]} 9. axb5 {[%emt 0:01:37]} axb5 {[%emt 0:00:04]} 10. Ne5 {[%emt 0:06:15]} Nxe5 {[%emt 0:12:01]} 11. dxe5 {[%emt 0:00:09]} Nd5 {[%emt 0:13:28]} 12. Nxd5 {[%emt 0:03:23]} exd5 {[%emt 0:00:03]} 13. Qxd5 {[%emt 0:04:58]} Qxd5 {[%emt 0:02:37]} 14. Bxd5 {[%emt 0:00:07]} Bc5 {[%emt 0:01:39]} 15. Be3 {[%emt 0:07:09]} 1/2-1/2

[Event "17th Prague Open 2018"]
[Site "Prague"]
[Date "2018.01.13"]
[Round "3"]
[White "Goh, Philip"]
[Black "Schippers, Maurice"]
[Result "0-1"]
[WhiteElo "1910"]
[BlackElo "2309"]
[Annotator "NA"]
[PlyCount "82"]
[EventDate "2018.??.??"]
[EventType "swiss"]
[EventCountry "CZE"]
[SourceTitle "playchess.com"]
[Source "ChessBase"]
[SourceQuality "1"]
[TimeControl "40/5400+30:1800+30"]

1. Nf3 {[%emt 0:01:17]} Nf6 {[%emt 0:00:11]} 2. g3 {[%emt 0:00:21]} g6 {[%emt 0:00:26]} 3. Bg2 {[%emt 0:00:20]} Bg7 {[%emt 0:00:04]} 4. O-O {[%emt 0:00:39]} O-O {[%emt 0:00:04]} 5. d3 {[%emt 0:01:24]} c5 {[%emt 0:02:27]} 6. Nbd2 {[%emt 0:00:52]} Nc6 {[%emt 0:00:30]} 7. e4 {[%emt 0:03:45]} d6 {[%emt 0:00:58]} 8. a4 {[%emt 0:01:52]} Rb8 {[%emt 0:06:47]} 9. Nc4 {[%emt 0:04:34]} a6 {[%emt 0:04:56]} 10. Bd2 {[%emt 0:03:22]} Be6 {[%emt 0:03:29]} 11. Ne3 {[%emt 0:08:35]} b5 {[%emt 0:10:04]} 12. Ng5 {[%emt 0:05:16]} Bd7 {[%emt 0:00:24]} 13. axb5 {[%emt 0:03:53]} axb5 {[%emt 0:00:17]} 14. c3 {[%emt 0:03:59]} b4 {[%emt 0:04:19]} 15. f4 {[%emt 0:02:45]} bxc3 {[%emt 0:03:12]} 16. bxc3 {[%emt 0:00:10]} Na5 {[%emt 0:03:55]} 17. Rb1 {[%emt 0:02:27]} h6 {[%emt 0:01:37]} 18. Nf3 {[%emt 0:00:46]} Ng4 {[%emt 0:10:27]} 19. Nxg4 {[%emt 0:04:35]} Bxg4 {[%emt 0:00:24]} 20. Qa4 {[%emt 0:01:33]} Qc7 {[%emt 0:01:52]} 21. h3 {[%emt 0:05:56]} Bd7 {[%emt 0:01:15]} 22. Qc2 {[%emt 0:01:10]} c4 {[%emt 0:01:42]} 23. d4 {[%emt 0:01:04]} Nb3 {[%emt 0:01:53]} 24. Be3 {[%emt 0:01:04]} Qa5 {[%emt 0:06:32]} 25. g4 {[%emt 0:05:12]} Ba4 {[%emt 0:00:57]} 26. Qb2 {[%emt 0:03:30]} Nxd4 {[%emt 0:04:02]} 27. Qxb8 {[%emt 0:00:11]} Nxf3+ {[%emt 0:00:51]} 28. Bxf3 {[%emt 0:00:20]} Rxb8 {[%emt 0:00:15]} 29. Rxb8+ {[%emt 0:00:09]} Kh7 {[%emt 0:00:14]} 30. Rb4 {[%emt 0:10:22]} Bb3 {[%emt 0:01:26]} 31. Bd2 {[%emt 0:02:18]} Qa2 {[%emt 0:01:44]} 32. Be1 {[%emt 0:03:22]} Qc2 {[%emt 0:04:24]} 33. Rb7 {[%emt 0:02:46]} Bxc3 {[%emt 0:01:06]} 34. Bxc3 {[%emt 0:01:31]} Qxc3 {[%emt 0:00:20]} 35. Rxe7 {[%emt 0:00:29]} Qe3+ {[%emt 0:00:36]} 36. Kh1 {[%emt 0:02:20]} c3 {[%emt 0:00:45]} 37. e5 {[%emt 0:01:19]} dxe5 {[%emt 0:02:10]} 38. Rxe5 {[%emt 0:01:57]} Qxf4 {[%emt 0:01:55]} 39. Rc5 {[%emt 0:01:06]} Bc4 {[%emt 0:02:30]} 40. Be2 {[%emt 0:04:04]} Qe4+ {[%emt 0:30:10]} 41. Bf3 {[%emt 0:30:22]} Qd4 {[%emt 0:00:41]} 0-1

[Event "17th Prague Open 2018"]
[Site "Prague"]
[Date "2018.01.14"]
[Round "4"]
[White "Pena Gomez, Manuel"]
[Black "Nitish Belurkar"]
[Result "1/2-1/2"]
[WhiteElo "2491"]
[BlackElo "2270"]
[Annotator "TA"]
[PlyCount "111"]
[EventDate "2018.??.??"]
[EventType "swiss"]
[EventCountry "CZE"]
[SourceTitle "playchess.com"]
[Source "ChessBase"]
[SourceQuality "1"]

{[%evp 19,111,11,10,20,16,8,18,11,37,0,0,-50,-44,-43,-52,-61,-54,-59,-33,-29,-24,-22,-19,-33,0,0,0,0,0,-3,0,0,0,-64,-62,-61,-55,-52,-27,-56,0,0,0,0,0,0,0,0,0,0,0,0,0,0,0,0,0,0,0,0,0,0,0,0,0,0,0,0,0,0,0,0,0,0,0,0,0,0,0,0,0,0,0,0,0,0,0,0,0,0,0,0,0,0]} 1. c4 c6 2. Nf3 Nf6 3. g3 d5 4. Bg2 Bf5 5. Qb3 Qb6 6. d3 e6 {A11: English Opening: 1...c6} 7. O-O Nbd7 8. Nc3 (8. cxd5 exd5 9. Qc2 Qc5 10. Qd1 Be7 11. Nc3 Rd8 12. Be3 Qa5 13. a3 a6 14. b4 Qc7 {½-½ (37) Tomashevsky,E (2710)-Vallejo Pons,F (2717) Tbilisi 2017}) 8... Be7 9. Be3 Qxb3 10. axb3 a6 {LiveBook: 3 Games} 11. Nh4 Bg6 12. h3 O-O 13. f4 Rfe8 $146 ({Predecessor:} 13... Nh5 14. Nxg6 hxg6 {1-0 (59) Safyanovsky,M (2241)-Kleibel,U (2065) Bad Koenigshofen 2010}) 14. Bf2 Nc5 15. Rad1 Nxb3 16. e4 dxe4 17. dxe4 Rad8 18. g4 h6 19. Nxg6 fxg6 20. e5 Nd7 21. Ne4 $1 Ndc5 22. Nd6 Rf8 23. Bxc5 $1 Nxc5 24. b4 Bxd6 25. exd6 Nd7 26. b5 (26. Be4 $11) 26... axb5 $15 27. cxb5 cxb5 28. Bxb7 Nb6 {...Nc4 is the strong threat.} 29. Rf3 Nd5 (29... g5 $15 30. fxg5 Rxf3 31. Bxf3 hxg5) 30. Bxd5 $11 {The position is equal.} exd5 31. Rxd5 {[%mdl 4096] Endgame KRR-KRR} Rf6 32. d7 Rf7 33. Rfd3 b4 34. R5d4 b3 35. Rxb3 Rfxd7 36. Rxd7 Rxd7 {KR-KR} 37. Kf2 Rd2+ 38. Ke3 Rh2 39. Ke4 Kh7 40. Re3 Rh1 41. Ke5 Rf1 42. Ra3 Re1+ 43. Kd5 Rf1 44. Ke4 Re1+ 45. Re3 Rh1 46. Ke5 Rf1 47. f5 gxf5 48. gxf5 Rf2 49. Ke6 Rf1 50. h4 Rf4 51. Rg3 Ra4 52. h5 Ra6+ 53. Ke5 Ra5+ 54. Ke6 Ra6+ 55. Ke5 Ra5+ 56. Ke6 {Precision: White = 58%, Black = 72%.} 1/2-1/2